000 00889cam a22002054a 4500
005 20250605163931.0
008 250528s ||||||||||||||||||||||||d
035 _a14707
020 _a415128323
040 _aGR-AtMCL
_bgre
_dGR-AtMCL
_eAACR2
245 1 _aYoung Children, Parents and Professionals / Enhancing the Links in Early Childhood
250 _a1st
260 _bRouledge,
_c1996
300 _a218
520 _aThis book explores the needs of and relationships between children, parents and professional and puts forward practical ways in which these needs can be met. Acknowledgements, Introduction, The Times of Their Lives, Needs Must, In Search of a Model, Responsiveness, Control Involvement, My Micawber and the Model all Together, Questions, Appendices, References, Index.
700 1 _aHenry Margaret
_9453
942 _cBK
999 _c328
_d328